Responses for Show #8692 - Tuesday, July 26, 2022

Contestants

[<< previous game]

Alexa Jakob, an electrical engineer from Queens, New York

Mark Stover, a physician from Flagstaff, Arizona

Ed Coulson, an economics and real estate professor from Dana Point, California (whose 1-day cash winnings total $17,399)

[next game >>]

Jeopardy! Round responses

ACROSS HISTORY
FILL IN THE PLAY TITLE
OFFICIAL STATE STUFF
GOING AROUND IN CIRCLES
SIRIUS-LY DEDICATED
(Ken: These are artists with channels devoted to them on Sirius XM.)
TRAVEL IDIOMS
    $200 4
the Magna Carta

Alexa
    $200 1
the Piano

Mark
    $200 3
(Mark: What is a tree?)
(Ed: What is a bird?)

a sea shell

EdMark
Triple Stumper
    $200 19
roulette

Mark
    $200 5
Billy Joel

Alexa
    $200 29
the rails

Alexa
    $400 6
Sparta

Mark
    $400 7
Curious

Ed
    $400 13
(Mark: What is the oriole?)
(Ken: Be more specific?)

the Baltimore oriole

Mark
    $400 20
The Lion King

Ed
    $400 24
Tom Petty

Ed
    $400 28
Red Eye

Mark
    $1,000 16
the Bastille

Ed
    $600 8
the Iguana

Ed
    $600 14
ice hockey

Mark
    $600 21
a squared circle

Ed
    $600 11
the Grateful Dead

Ed
    $600 2
floats your boat

Alexa
    $800 17
Roanoke

Ed
    $800 9
Rosencrantz and Guildenstern

Alexa
    $800 15
(Alexa: What is the banjo?)

the dulcimer

EdAlexa
    $800 22
(Ken: Yeah, the fraud of [*].)
[Laughter]

Froot Loops

Alexa
    $800 10
[Ed gives nickname and full name.]

"the Boss", Bruce Springsteen

Ed
    $800 26
rocky road

Alexa
    $1000 18
Ramses I

Triple Stumper
    $1000 12
Lesser God

Mark
    $1000 25
Utah

Mark
    $1000 23
(Ken: [**] and the Vicious Circle, that's correct.)

Dorothy Parker (Mrs. Parker)

Ed
    $1000 30
Dave Matthews

Triple Stumper
    $1000 27
to fall off the wagon

Mark

Scores at the first commercial break (after clue 15):

Ed Mark Alexa
$3,000 $2,400 $1,000

Scores at the end of the Jeopardy! Round:

Ed Mark Alexa
$7,200 $5,000 $2,800

Double Jeopardy! Round responses

MOUNTAINS
IDOL TALK
SCIENTIFIC LAWS & THEORIES
MIDDLE NAMES
FROM FILM TO TV
WHAT'S IN YOUR GULLET?
    $400 10
the Andes

Mark
    $400 19
Kiev

Ed
    $400 5
Mercury

Mark
    $400 30
Michelle Obama

Ed
    $400 29
Lethal Weapon

Mark
    $400 24
fish

Ed
    $800 9
Greece

Mark
    $800 20
an altar (a shrine)

Alexa
    $800 4
poker

Mark
    $800 11
(Samuel F.B.) Morse

Ed
    $800 17
Highlander

Triple Stumper
    $800 25
milk

Mark
    $1200 7
(Alexa: What is Poland?)

Australia

MarkAlexa
    $1200 21
Aaron

Ed
    $2,800 1
(Alexa: What is steady state?)
...
(Alexa: My chemical engineering friends will be sad.)

absolute zero

Alexa
    $1200 12
Chekhov

Ed
    $1200 15
Life

Ed
    $1200 26
bees

Alexa
    $1600 6
Mont Blanc

Ed
    $1600 22
Baal

Ed
    $1600 2
(Joseph) Lister

Mark
    $2,000 13
(Ken: Ed?)
(Ed: I got nothing.)
[Time's up]
(Ken: It was John [*] Astor.)

Jacob

Ed
    $1600 16
(Mark: Who is Carrie?)

Regan

Mark
Triple Stumper
    $1600 27
mushrooms

Mark
    $2000 8
(Ken: Canada's highest point is [*].)

Mount Logan

Triple Stumper
    $2000 23
(Ken: This was before Muhammad famously purged it; that was [*].)

Mecca

Triple Stumper
    $2000 3
Archimedes

Alexa
    $2000 14
Roosevelt

Alexa
    $2000 18
Freddie Highmore

Triple Stumper
    $2000 28
(Ken: "Saur" like dinosaur.)

lizards

Ed

Scores at the end of the Double Jeopardy! Round:

Ed Mark Alexa
$16,000 $11,400 $4,800

[wagering suggestions for these scores]

Final Jeopardy! Round responses

LITERARY ANIMALS
(Ken: [To Mark] Yes, Winnie the Pooh's donkey friend; if you say his name in a British accent it sounds like "eeyoh", like "hee-haw", what a donkey would say.)
AlexaWho is Hop the bunny?
$3,401
MarkWho is Ee-or?
$1,799
EdWho is Eeyore?
$6,801
Eeyore

Final scores:

Ed Mark Alexa
$22,801 $13,199 $1,399
2-day champion: $40,200 2nd place: $2,000 3rd place: $1,000

Game dynamics:

Coryat scores:

Ed Mark Alexa
$17,600 $11,400 $7,600
21 R
(including 1 DD),
2 W
(including 1 DD)
18 R,
2 W
11 R,
3 W
(including 1 DD)

Combined Coryat: $36,600

[game clues] [game scores] [suggest correction]

Game tape date: 2022-05-17
The J! Archive is created by fans, for fans. Scraping, republication, monetization, and malicious use prohibited; this site may use cookies and collect identifying information. See terms. The Jeopardy! game show and all elements thereof, including but not limited to copyright and trademark thereto, are the property of Jeopardy Productions, Inc. and are protected under law. This website is not affiliated with, sponsored by, or operated by Jeopardy Productions, Inc. Join the discussion at JBoard.tv.